000 00286nam a22001217a 4500
008 180315b xxu||||| |||| 00| 0 eng d
041 _aeng
080 _a78
100 _a45
101 _aMUS
245 _aDEVELOPING MUSICIANSHIP THROUGH AURAL SKILLS
_cKENT.D.C
942 _2udc
_cBK
999 _c45149
_d45149